The Holy Bible (Record no. 6866)

MARC details
000 -LEADER
fixed length control field 00828cam a2200277 a 4500
001 - CONTROL NUMBER
control field 135727
003 - CONTROL NUMBER IDENTIFIER
control field GBCCL
005 - DATE AND TIME OF LATEST TRANSACTION
control field 20251127145615.0
008 - FIXED-LENGTH DATA ELEMENTS--GENERAL INFORMATION
fixed length control field 030204s1978 miub 001 0 eng d
035 ## - SYSTEM CONTROL NUMBER
System control number (OCoLC)ocm51574222
035 ## - SYSTEM CONTROL NUMBER
System control number (OCoLC)51574222
040 ## - CATALOGING SOURCE
Original cataloging agency OKU
Transcribing agency OKU
Modifying agency OCL
-- LBB
082 ## - DEWEY DECIMAL CLASSIFICATION NUMBER
Classification number 220.52081
Item number BIB
090 ## - LOCALLY ASSIGNED LC-TYPE CALL NUMBER (OCLC); LOCAL CALL NUMBER (RLIN)
Classification number (OCLC) (R) ; Classification number, CALL (RLIN) (NR) BS2095
Local cutter number (OCLC) ; Book number/undivided call number, CALL (RLIN) .N37 1978
245 14 - TITLE STATEMENT
Title The Holy Bible
250 ## - EDITION STATEMENT
Edition statement New International Version.
260 ## - PUBLICATION, DISTRIBUTION, ETC.
Place of publication, distribution, etc. Grand Rapids, Mich. :
Name of publisher, distributor, etc. Zondervan Bible Publishers,
Date of publication, distribution, etc. c1978.
300 ## - PHYSICAL DESCRIPTION
Extent 1397 P.;
Dimensions 19 cm.
500 ## - GENERAL NOTE
General note "With study helps"--Cover.
500 ## - GENERAL NOTE
General note Translated by the Committee on Bible Translation.
500 ## - GENERAL NOTE
General note Includes index.
520 ## - SUMMARY, ETC.
Summary, etc. Lloyd M. Perry Collection.
650 ## - SUBJECT ADDED ENTRY--TOPICAL TERM
Topical term or geographic name entry element Holy Bible
General subdivision English
9 (RLIN) 12286
710 2# - ADDED ENTRY--CORPORATE NAME
Corporate name or jurisdiction name as entry element Committee on Bible Translation.
9 (RLIN) 12239
942 ## - ADDED ENTRY ELEMENTS (KOHA)
Source of classification or shelving scheme Dewey Decimal Classification
Koha item type Reference Books
Holdings
Withdrawn status Lost status Source of classification or shelving scheme Damaged status Not for loan Home library Current Library Shelving location Date acquired Total checkouts Full call number Barcode Date last seen Copy number Price effective from Koha item type
    Dewey Decimal Classification     GRACE BIBLE COLLEGE GRACE BIBLE COLLEGE Bible 2018-07-02   220.52081 BIB 010430 2025-05-01 c.1 2018-07-02 Reference Books
    Dewey Decimal Classification     GRACE BIBLE COLLEGE GRACE BIBLE COLLEGE Bible 2018-07-02   220.52081 BIB 010431 2025-05-01 c.2 2018-07-02 Reference Books
© Grace Bible College Library 2025